000 00677cam a22002411 4500
999 _c7397
_d7397
001 6061431
003 GBCCL
005 20241126110627.0
008 800516s1956 tnu 000 0 eng
010 _a 56042688
035 _a(OCoLC)6326477
040 _aDLC
_cOBgU
_dDLC
042 _apremarc
050 0 0 _aBV1546
_b.R485
082 _a268.432
_bRIC
100 1 _aRice, Lillian Moore.
_913088
245 1 0 _aHow to work with juniors in the Sunday school.
260 _aNashville,
_bConvention Press
_c[1956]
300 _a143 p.
_c19 cm.
650 0 _aReligious education of children.
_95997
906 _a7
_bcbc
_coclcrpl
_du
_encip
_f19
_gy-gencatlg
942 _2ddc
_cBK
_06